| 000 | 00827nam a2200301Ia 4500 | ||
|---|---|---|---|
| 001 | 18300 | ||
| 003 | IT-RoPAU | ||
| 008 | 130308s9999 xx 000 0 und d | ||
| 040 | _aIT-RoPAU | ||
| 040 | _cIT-RoPAU | ||
| 041 | _aFRANCESE | ||
| 100 | _aBachrach J.A. | ||
| 100 | _gCodice Aut. SPICS: 12642 | ||
| 245 | _aMot et le contexte (Le) | ||
| 245 | _bActes Du Colloque International et Multidisciplinaire Sur la Comprehension Du Langage (Creteil 1980) | ||
| 250 | _a1a ed. | ||
| 260 | _aPARIS | ||
| 260 | _bDidier | ||
| 260 | _c1981 [1° Ed.:1981 - Ed.Ling.Originale:1980] | ||
| 300 | _a"3 p. (prefazione: no ; testo: 3 [pagine: 128-130])" | ||
| 500 | _aParole e Contesto | ||
| 650 | _aLINGUISTICA | ||
| 650 | _eCodice materia Spics: 3201 | ||
| 942 | _cBK | ||
| 957 | _71 | ||
| 999 |
_c39409 _d39409 |
||
| 999 | _bSI | ||
| 999 | _g1 | ||